Lenguaje y Comunicación 2º Básico: texto del estudiante
Wedi'i Gadw mewn:
| Prif Awduron: | , |
|---|---|
| Fformat: | Llyfr |
| Iaith: | Sbaeneg |
| Cyhoeddwyd: |
Santiago
Santillana del Pacífico S. A
2015
|
| Rhifyn: | 3a. ed |
| Pynciau: | |
| Tagiau: |
Ychwanegu Tag
Dim Tagiau, Byddwch y cyntaf i dagio'r cofnod hwn!
|
MARC
| LEADER | 00000cam a2200000 a 4500 | ||
|---|---|---|---|
| 001 | UCD9765 | ||
| 003 | CL-VaPUC | ||
| 008 | 170709e20150000cl |||||||||||||||||spa|d | ||
| 020 | |a 9789561523258 | ||
| 082 | 0 | 4 | |a 372.6 |b OTA |2 21 |
| 100 | |a Otaíza Echard, Patricia Andrea |e autora |9 593510 | ||
| 700 | 0 | |a Recabarren Arancibia, Marcela Paz |e author |9 593417 | |
| 245 | 1 | 0 | |a Lenguaje y Comunicación 2º Básico: texto del estudiante |
| 250 | |a 3a. ed | ||
| 300 | |a 287 p | ||
| 942 | |c BK | ||
| 945 | |d 20170709 17:01:00 |a dcastane | ||
| 260 | |a Santiago |b Santillana del Pacífico S. A |c 2015 | ||
| 650 | 0 | |a Educación lingüística |9 306506 | |
| 650 | 0 | |a Lenguaje y comunicación |9 395921 | |
| 650 | 0 | |a Libros de texto |9 270019 | |
| 650 | 0 | |a Métodos de enseñanza |9 270413 | |
| 650 | 0 | |a Educación básica |9 224933 | |
| 583 | |a last modification |c 20170709 17:01:00 |k Rodrigo Vera | ||
| 999 | |c 368784 |d 368782 | ||
| 952 | |0 0 |1 0 |3 erb |4 0 |6 372_600000000000000_OTA_2015 |7 0 |8 A |9 484223 |a BIBEDU |b BIBEDU |i 5405254 |o 372.6 OTA 2015 |p 5405254 |r 2019-11-24 |w 2019-11-24 |y BK |z Catalogado en:20170709 |k EPE | ||